Novia que te vea /
Guardat en:
| Autor principal: | |
|---|---|
| Format: | Llibre |
| Idioma: | espanyol |
| Publicat: |
México :
Booket,
2003, c2003
|
| Col·lecció: | (Booket Planeta. Novela) [s.n.]
|
| Matèries: | |
| Etiquetes: |
Sense etiquetes, Sigues el primer a etiquetar aquest registre!
|
MARC
| LEADER | 00000nam^a2200000^a^4500 | ||
|---|---|---|---|
| 001 | 000399904 | ||
| 005 | 20250521000000.0 | ||
| 009 | 20260310121604.036 | ||
| 020 | |a 970-690-747-5 | ||
| 037 | |a Acervo ITESO - Biblioteca | ||
| 041 | |a ESP | ||
| 082 | |a 863. |b NIS | ||
| 100 | |a Nissán, Rosa |e (autor) | ||
| 240 | 1 | 1 | |a [Novia que te vea] |
| 245 | 1 | 0 | |a Novia que te vea / |c R. Nissán. |
| 264 | 4 | |a México : |b Booket, |c 2003, c2003 | |
| 300 | |a 181 p. | ||
| 336 | |a texto |b txt |2 rdacontenido | ||
| 337 | |a sin mediación |b n |2 rdamedio | ||
| 338 | |a volumen |b nc |2 rdasoporte | ||
| 440 | 1 | |a (Booket Planeta. |p Novela) [s.n.] | |
| 649 | |a XX | ||
| 650 | |a Mujeres Mexicanas - |x Condiciones Sociales y Culturales - |x Tema Principal | ||
| 650 | |a Judíos Sefarditas en México - |x Condiciones Sociales y Culturales - |x Tema Principal | ||
| 650 | |a Judíos en México - |x Condiciones Sociales y Culturales | ||
| 650 | |a Novela Sefardita | ||
| 650 | |a Novela Judía | ||
| 650 | |a Novela Mexicana | ||
| 650 | |a Literatura de Mujeres - |z México | ||
| 650 | |a Literatura Sefardita - |y Siglo XX | ||
| 650 | |a Literatura Judía - |y Siglo XX | ||
| 650 | |a Literatura Mexicana - |y Siglo XX | ||
| 650 | |a Judaísmo - |z México | ||
| 910 | |a Fondo Carlos Núñez Hurtado | ||
| 920 | |a Impresos - Libros | ||
| 930 | |a Fondos Especiales | ||
| 940 | |a Literatura | ||
| 905 | |a 117 | ||
| 901 | |a 0500295332 |b IT2 |c ESP |i d80599 |u 20250521 | ||
| 902 | |a https://opac.biblio.iteso.mx/vufind/Record/000399904 | ||